Pekeliling Kemajuan Pentadbiran Awam 1994-2002 [jilid II] : (Record no. 178)

000 -LEADER
fixed length control field nam a22 a 4500
003 - CONTROL NUMBER IDENTIFIER
control field AKMAL
005 - DATE AND TIME OF LATEST TRANSACTION
control field 20170425094956.0
008 - FIXED-LENGTH DATA ELEMENTS--GENERAL INFORMATION
fixed length control field 170425s2003 my 00 may d
020 ## - INTERNATIONAL STANDARD BOOK NUMBER
International Standard Book Number 9678913690 (jil. II : kkt.):
Terms of availability RM32.50
040 ## - CATALOGING SOURCE
Original cataloging agency AKMAL
082 04 - DEWEY DECIMAL CLASSIFICATION NUMBER
Classification number 354.595007 PEK
Edition number 21
090 00 - LOCALLY ASSIGNED LC-TYPE CALL NUMBER (OCLC); LOCAL CALL NUMBER (RLIN)
Classification number (OCLC) (R) ; Classification number, CALL (RLIN) (NR) 354.595007
Local cutter number (OCLC) ; Book number/undivided call number, CALL (RLIN) PEK
110 1# - MAIN ENTRY--CORPORATE NAME
Corporate name or jurisdiction name as entry element Malaysia
9 (RLIN) 400
245 10 - TITLE STATEMENT
Title Pekeliling Kemajuan Pentadbiran Awam 1994-2002 [jilid II] :
Remainder of title (hingga 10hb Jun 2003) /
Statement of responsibility, etc. disusun oleh Lembaga Penyelidikan Undang-undang
260 ## - PUBLICATION, DISTRIBUTION, ETC.
Place of publication, distribution, etc. Petaling Jaya :
Name of publisher, distributor, etc. International Law Book Services,
Date of publication, distribution, etc. 2003
300 00 - PHYSICAL DESCRIPTION
Extent 2 jil. :
Other physical details il. ;
Dimensions 25cm
500 ## - GENERAL NOTE
General note Mengandungi soalan dan jawapan
650 #0 - SUBJECT ADDED ENTRY--TOPICAL TERM
Topical term or geographic name entry element Public administrations
Geographic subdivision Malaysia
9 (RLIN) 421
650 #0 - SUBJECT ADDED ENTRY--TOPICAL TERM
Topical term or geographic name entry element Civil service
Geographic subdivision Malaysia
9 (RLIN) 420
942 ## - ADDED ENTRY ELEMENTS (KOHA)
Source of classification or shelving scheme
Koha item type Book
Holdings
Withdrawn status Lost status Source of classification or shelving scheme Damaged status Not for loan Collection code Home library Current library Shelving location Date acquired Inventory number Total Checkouts Full call number Barcode Date last seen Price effective from Koha item type
          NON-FICTION AKMAL Melaka AKMAL Melaka PINJAMAN 25.04.2017 303631   354.595007 PEK 201700329 25.04.2017 25.04.2017 Book
          NON-FICTION AKMAL Melaka AKMAL Melaka PINJAMAN 25.04.2017 303780   354.595007 PEK 201700327 25.04.2017 25.04.2017 Book
          NON-FICTION AKMAL Melaka AKMAL Melaka PINJAMAN 25.04.2017 303781   354.595007 PEK 201700325 25.04.2017 25.04.2017 Book
          NON-FICTION AKMAL Melaka AKMAL Melaka PINJAMAN 25.04.2017 303782   354.595007 PEK 201700330 25.04.2017 25.04.2017 Book
          NON-FICTION AKMAL Melaka AKMAL Melaka PINJAMAN 25.04.2017 303783   354.595007 PEK 201700400 25.04.2017 25.04.2017 Book
Pusat Sumber Maklumat Dato' Haji Sarmin Md Hussin, Akademi Kastam Diraja Malaysia, Melaka
Tel: 06-2331106 | Faks: 06-2313787